Deutsche Bundeskanzler - 20 Sekunden Sprint - Statistiken

Allgemein
  • Dieses Quiz wurde 69 mal gespielt
  • Das Durchschnittsergebnis liegt bei 8 aus 10
Antwortstatistiken
Zeitraum Kanzler % Korrekt
2005-2021 Angela Merkel
92%
1949-1963 Konrad Adenauer
83%
2021-2025 Olaf Scholz
81%
1982-1998 Helmut Kohl
79%
1974-1982 Helmut Schmidt
79%
seit 2025 Friedrich Merz
77%
1969-1974 Willy Brandt
77%
1998-2005 Gerhard Schröder
71%
1963-1966 Ludwig Erhard
67%
1966-1969 Kurt Georg Kiesinger
58%
Keine übereinstimmenden Quizze gefunden
Verteilung der Resultate
Anzahl Personen mit jedem Resultat
Perzentil nach korrekt beantworteten Fragen
Ihre Resultats-Entwicklung
Sie haben dieses Quiz noch nicht gespielt